LEADER 01053nas 2200373 c 450 001 9910892210703321 005 20260218112904.0 011 $a2698-9921 035 $a(DE-599)ZDB2843506-0 035 $a(CKB)5140000000022442 035 $a(DE-599)2843506-0 035 $a(EXLCZ)995140000000022442 100 $a20230221a20119999 |u| | 101 0 $ager 181 $ctxt$2rdacontent 182 $cc$2rdamedia 183 $acr$2rdacarrier 200 00$aTIERethik$eZeitschrift zur Mensch-Tier-Beziehung 210 $aMünster$cMV-Verlag 215 $aOnline-Ressource 300 $aGesehen am 24.03.2021 300 $aErscheint anfangs jährlich, ab 2012 zweimal jährlich 311 08$aErscheint auch als Print-Ausgabe TIERethik 517 1 $aTIER ethik 608 $aZeitschrift$2gnd-content 608 $aPériodique.$2idref 608 $aPeriodici$2sbt12-content 676 $a570 676 $a100 676 $a610 801 0$bCH-ZuSLS UBS A100 912 $a9910892210703321 996 $aTIERethik$94234694 997 $aUNINA